000 00569nam a2200205Ia 4500
005 20250923145219.0
008 008 250917s9999 xx 000 0 eng d
037 _aTextual
040 _aDSWL
_beng
_cDSWL
041 _aeng
_2eng
084 _aS1:7, N68
_qDSWL
100 _aHurlock, Elizabeth B.
_9832978
245 0 _aDevelopmental Psychology
_cby Elizabeth B. Hurlock
260 _aNew York
_b McGraw Hill
_c1968
300 _a443p.
365 _aUSD
_b9.5
925 _g9.5
942 _cTEXL
_hS1:7, N68
999 _c1448542
_d1448542